000 01321nam0a2200361 4500
001 RU\NLR\BIBL_A\022451806
005 20250303111425.0
010 _a978-5-00228-279-1
021 _aRU
_bКН-П-24-080660
_9КН-П-24-8049
035 _a(NLR Aleph) 022451806
090 _a13358676
_c13358676
100 _a20250210d2025 u y0rusy50 ca
101 1 _arus
_cvie
102 _aRU
105 _aa w 000yy
181 0 _ai3
_baxxe
182 0 _an
200 1 _aСозерцание пути к просветлению
_eпрактика дзен
_e[перевод с вьетнам.]
_fТхить Нюан Сан
203 _aТекст
_bвизуальный
_cнепосредственный
210 _aМосква
_cАмрита-Русь
_cКнига
_d2025 (печ. 2024)
215 _a75 с.
_cил.
_d13
300 _aТекст рус., вьет.
333 _aДля лиц старше 16 лет
606 1 _aМедитация
_xБуддийская концепция
_2nlr_sh2
_3RU\NLR\AUTH\6601723475
606 1 _aДзен
_2nlr_sh2
_3RU\NLR\AUTH\66377057
686 2 _aЭ353.2-5
700 0 _aТхить Нюан Сан
942 _cBOOK
980 _aNB